000 01864nkm a2200385 i 4500
001 4135
003 ES-MaACL
005 20250809063444.0
007 khrbo
008 070628s1987 sp --- g |001||spa d
100 0 _aAlfonso,
_d1902-1990
_epht
_919858
245 1 0 _aCiclo sobre "La izquierda española y la Perestroika en la URSS" [
_h[Fotografía] /
_cAlfonso (sello).
260 _a[Madrid :
_bs.n.],
_c1987
300 _a6 fot. :
_bb. y n. ;
_c12 x 18 cm.
500 _aDatos basados en invitación.
511 0 _aIntervienen: José Antonio Moral Santín, Ramón Tamames, Juan José Chapero, Armando López Salinas, Guillermo Preciado, Felipe Clemente de Diego, José Palau, Jorge Ballón, Jaime Ballesteros; moderador: Carlos Semprún.
518 _aActo organizado por el Ateneo de Madrid, celebrado en el salón de actos los días 4 y 5 de noviembre de 1987, y en la sala de conferencias el día 6 de noviembre de 1987, a las 20:00 h.
600 1 4 _aMoral Santín, José A.
_982951
600 1 4 _aTamames, Ramón,
_d1933-
_9237391
600 1 4 _aChapero, Juan José
_938013
600 1 4 _aLópez Salinas, Armando,
_d1925-2014
_973951
600 1 4 _aPreciado, Guillermo
_993732
600 1 4 _aClemente de Diego, Felipe
_939201
600 1 7 _aPalau, José
_c(político)
_2embne
_988490
600 1 4 _aBallón, Jorge
_925077
600 1 4 _aBallesteros, Jaime
_925034
600 1 4 _aMendoza Bullón, Carlos
_9105422
610 2 4 _aAteneo de Madrid-
_xActos culturales-
_y1987-
_vFotografías.
_91902
710 2 _aAteneo de Madrid.
_91875
852 _aES-MaACL
_jFOT 200/1987
856 4 _uhttp://www.ateneodemadrid.net/biblioteca_digital/imagenes/1987/0200_01-1987.jpg
_zVer imagen
856 4 _uhttp://www.ateneodemadrid.net/biblioteca_digital/imagenes/1987/0200_02-1987.jpg
_zVer imagen
942 _2udc
_cFOTOGRAFIA
_n0
999 _c4135
_d4135